| Tag |
First Indicator |
Second Indicator |
Subfields |
| LEADER |
00000cas a2200000 a 4500 |
| 001 |
in00000083273 |
| 005 |
20151008061213.0 |
| 008 |
780425d19731976nyu x1 1uuua0eng d |
| 010 |
|
|
|a sn 80013634
|
| 022 |
0 |
|
|a 0065-0870
|
| 035 |
|
|
|a (OCoLC)03827595
|
| 035 |
|
|
|9 AAJ7543AM
|
| 040 |
|
|
|a CLU
|c CLU
|d NYG
|d NSD
|d TXA
|d UtOrBLW
|
| 042 |
|
|
|a nsdp
|
| 049 |
|
|
|a TXAE
|
| 090 |
|
|
|a QC244.5
|b .I5
|
| 092 |
|
|
|a 534
|b A178
|
| 210 |
0 |
|
|a Acoust. hologr.
|
| 222 |
|
0 |
|a Acoustical holography
|
| 245 |
0 |
0 |
|a Acoustical holography.
|
| 264 |
|
1 |
|a New York :
|b Plenum Press,
|c 1974-1977.
|
| 300 |
|
|
|a volumes :
|b illustrations ;
|c 24 cm.
|
| 336 |
|
|
|a text
|b txt
|2 rdacontent
|
| 337 |
|
|
|a unmediated
|b n
|2 rdamedia
|
| 338 |
|
|
|a volume
|b nc
|2 rdacarrier
|
| 362 |
0 |
|
|a Vol. 5 (1973)-v. 7 (1976)
|
| 650 |
|
0 |
|a Acoustic holography
|x Congresses.
|
| 650 |
|
0 |
|a Imaging systems
|v Congresses.
|
| 711 |
2 |
|
|a International Symposium on Acoustical Holography.
|
| 780 |
0 |
0 |
|t Acoustical holography, proceedings
|x 0065-0870
|w (OCoLC)1714675
|
| 785 |
0 |
0 |
|t Acoustical imaging
|x 0270-5117
|
| 948 |
|
|
|a T2
|
| 999 |
|
|
|a MARS
|
| 999 |
f |
f |
|s 9420d8b0-4e73-3dee-90ae-807b1587e012
|i 6c6260c9-90a3-3a0f-b0e4-1a0b7a2e4df3
|t 0
|
| 952 |
f |
f |
|p ric
|a Texas A&M University
|b Rellis Campus
|c Joint Library Facility
|d Remote Storage
|t 0
|e QC244.5 .I5
|h Library of Congress classification
|i unmediated -- volume
|k v.7
|l 1976
|m A14843649139
|
| 952 |
f |
f |
|p ric
|a Texas A&M University
|b Rellis Campus
|c Joint Library Facility
|d Remote Storage
|t 0
|e QC244.5 .I5
|h Library of Congress classification
|i unmediated -- volume
|k v.6
|l 1974
|m A14843649121
|
| 952 |
f |
f |
|p ric
|a Texas A&M University
|b Rellis Campus
|c Joint Library Facility
|d Remote Storage
|t 0
|e QC244.5 .I5
|h Library of Congress classification
|i unmediated -- volume
|k v.5
|l 1973
|m A14830101655
|
| 998 |
f |
f |
|a QC244.5 .I5
|s v.5-7 (1973-1976)
|t 0
|l Remote Storage
|